Volumen e integral
Uloženo v:
| Hlavní autor: | |
|---|---|
| Médium: | Kniha |
| Jazyk: | španělština |
| Vydáno: |
Buenos Aires
Dossat
1960
|
| Témata: | |
| Tagy: |
Přidat tag
Žádné tagy, Buďte první, kdo vytvoří štítek k tomuto záznamu!
|
MARC
| LEADER | 00000cam a2200000 a 4500 | ||
|---|---|---|---|
| 001 | UCF2499 | ||
| 003 | CL-VaPUC | ||
| 008 | 120824e19600000AG |||||||||||||||||spa|d | ||
| 082 | 0 | 4 | |a 515.43 |b ROG |2 21 |
| 100 | 0 | |a Rogosinski, W. W |e author |9 564160 | |
| 245 | 1 | 0 | |a Volumen e integral |
| 300 | |a 174 p | ||
| 942 | |c BK | ||
| 945 | |d 20120824 00:00:00 |a dcastane | ||
| 260 | |a Buenos Aires |b Dossat |c 1960 | ||
| 650 | 7 | |a INTEGRALES DE LEBESGUE |2 CL-VaPUC |9 564161 | |
| 650 | 0 | |a Cálculo integral |9 260103 | |
| 583 | |a last modification |c 20120824 12:41:00 |k Rodrigo Vera | ||
| 999 | |c 349060 |d 349058 | ||
| 952 | |0 0 |1 0 |4 0 |6 515_430000000000000_ROG_1960 |7 0 |8 A |9 451440 |a BIBMAT |b BIBMAT |d 2019-11-22 |i 4889053 |o 515.43 ROG 1960 |p 4889053 |r 2025-01-07 |w 2019-11-22 |y BK |k MAT | ||